[Event "Dutch League 2016-17"]
[Site "Netherlands NED"]
[Date "2017.05.06"]
[Round "9.9"]
[White "Nguyen,Kevin"]
[Black "Krouwel,Gabriel"]
[Result "1-0"]
[WhiteElo "2193"]
[BlackElo "1798"]
[EventType "team-tourn"]

1.e4 c5 2.Nc3 Nc6 3.Bb5 g6 4.Bxc6 dxc6 5.f4 Bg7 6.Nf3 Nf6 7.O-O O-O 8.d3 Qc7
9.Qe1 b6 10.Qh4 Rd8 11.f5 c4 12.e5 Nd5 13.fxg6 hxg6 14.Ng5 Bf5 15.g4 Qxe5
16.Qh7+ Kf8 17.gxf5 Nxc3 18.Ne6+ fxe6 19.fxe6+ Qf5 20.Rxf5+ gxf5 21.Bh6 {#r}
1-0

[Event "Dutch League 2016-17"]
[Site "Netherlands NED"]
[Date "2017.05.06"]
[Round "9.3"]
[White "Kollen,Z"]
[Black "Maenhout,T"]
[Result "1-0"]
[WhiteElo "2296"]
[BlackElo "2388"]
[EventType "team-tourn"]

1.e4 c5 2.Nf3 d6 3.d4 cxd4 4.Nxd4 Nf6 5.Nc3 a6 6.Be3 e5 7.Nb3 Be6 8.f3 Be7
9.Qd2 O-O 10.O-O-O Nbd7 11.g4 b5 12.g5 b4 13.Ne2 Ne8 14.f4 a5 15.f5 a4 16.Nbd4
exd4 17.Nxd4 b3 18.Kb1 bxc2+ 19.Nxc2 Bb3 20.axb3 axb3 21.Na3 Ne5 22.h4 Ra5
23.Bb5 Qa8 24.Qc3 Qxe4+ 25.Ka1 Rxb5 26.Nxb5 Qa4+ 27.Na3 d5 28.Bc5 Bxc5 29.Qxc5
Nc6 30.Rhe1 d4 31.Kb1 Qa6 32.Rc1 Nd8 33.Qb5 Qxb5 34.Nxb5 d3 35.Rcd1 f6 36.Rxd3
Nf7 37.g6 hxg6 38.fxg6 Ne5 39.Rd8 {#r} 1-0

[Event "Dutch League 2016-17"]
[Site "Netherlands NED"]
[Date "2017.05.06"]
[Round "9.4"]
[White "Roos,Ad"]
[Black "Van Foreest,Jorden"]
[Result "0-1"]
[WhiteElo "2290"]
[BlackElo "2615"]
[EventType "team-tourn"]

1.d4 d5 2.c4 c6 3.Nf3 Nf6 4.Nc3 dxc4 5.a4 e6 6.e4 Bb4 7.e5 Nd5 8.Bd2 b5 9.axb5
Bxc3 10.bxc3 cxb5 11.Ng5 Bb7 12.Qh5 Qe7 13.Be2 Nd7 14.O-O a5 15.Rfe1 h6 16.Bf3
O-O 17.Ne4 Bc6 18.Nd6 f6 19.Bxd5 Bxd5 20.Nxb5 fxe5 21.Nc7 Ra7 22.Nxd5 exd5
23.dxe5 Qe6 24.Be3 Raa8 25.f4 a4 26.Qd1 a3 27.Qc1 Qe7 28.Qd2 Ra5 29.Reb1 Qe6
30.Rb4 Rfa8 31.Qf2 Qf5 32.Bd4 Nf8 33.Bb6 Ra4 34.Rb5 Ne6 35.g3 a2 36.Qf3 Qd3
37.Qxd3 cxd3 38.Be3 d4 39.cxd4 Nxd4 40.Bxd4 Rxd4 41.Kf2 d2 42.Ke2 d1=Q+
43.Rxd1 Rxd1 44.Kxd1 a1=Q+ {#R} 0-1

[Event "Dutch League 2016-17"]
[Site "Netherlands NED"]
[Date "2017.05.06"]
[Round "9.6"]
[White "Piceu,T"]
[Black "Maatman,Nick"]
[Result "1-0"]
[WhiteElo "2373"]
[BlackElo "2325"]
[EventType "team-tourn"]

1.d4 Nf6 2.c4 e6 3.Nf3 d5 4.Nc3 Be7 5.Bg5 O-O 6.e3 h6 7.Bh4 Ne4 8.Bxe7 Qxe7
9.Rc1 Nxc3 10.Rxc3 c6 11.Bd3 dxc4 12.Rxc4 Nd7 13.O-O e5 14.dxe5 Nxe5 15.Re4
Nxf3+ 16.Qxf3 Be6 17.Bc4 Rad8 18.Bxe6 fxe6 19.Qg4 Rd2 20.Rxe6 Qf7 21.Rxh6 Rxb2
22.f3 Qf5 23.Qc4+ Rf7 24.Re6 Qg5 25.Re8+ Kh7 26.Qe4+ g6 27.f4 Qd5 28.Qxd5 cxd5
29.Re5 Rd2 30.g3 Rc7 31.Rf2 Rd1+ 32.Kg2 b5 33.Rb2 Rb7 34.Kf3 b4 35.Ke2 Rh1
36.Kd3 Rd7 37.Rd2 a5 38.Kd4 Re1 39.Kc5 Rc1+ 40.Kb5 a4 41.Kxa4 b3 42.axb3 Ra7+
43.Kb4 Rb7+ 44.Ka3 Rc3 45.Rb2 Rc1 46.b4 Rc3+ 47.Rb3 Rc2 48.Rxd5 {#r} 1-0

[Event "Dutch League 2016-17"]
[Site "Netherlands NED"]
[Date "2017.05.06"]
[Round "9.7"]
[White "Lai,Hing Ting"]
[Black "De Schampheleire,G"]
[Result "1-0"]
[WhiteElo "2417"]
[BlackElo "2325"]
[EventType "team-tourn"]

1.c4 Nf6 2.d4 e6 3.Nf3 b6 4.a3 Bb7 5.Nc3 d5 6.Bg5 Be7 7.Bxf6 Bxf6 8.Qa4+ c6
9.cxd5 exd5 10.g3 O-O 11.Bg2 Nd7 12.Rd1 Be7 13.O-O f5 14.e3 a5 15.Qc2 Bd6
16.Nh4 g6 17.f3 Be7 18.e4 Bxh4 19.gxh4 Qxh4 20.exd5 cxd5 21.Qb3 Rf7 22.Rfe1
Nf6 23.Re6 Nh5 24.Rxb6 Nf4 25.Qc2 Re8 26.Qf2 Qd8 27.Rb5 Ba6 28.Rc5 Rfe7 29.Qg3
Nd3 30.Rxd5 Qb6 31.b4 axb4 32.Rd6 Qc7 33.Nd5 Re1+ 34.Bf1 Qa7 35.Nf6+ Kh8
36.Rxe1 Rxe1 37.Rd8+ Kg7 38.Rd7+ Qxd7 39.Nxd7 f4 40.Qg5 b3 41.Qf6+ Kh6 42.Qf8+
Kg5 43.h4+ {#r} 1-0

[Event "Dutch League 2016-17"]
[Site "Netherlands NED"]
[Date "2017.05.06"]
[Round "9.9"]
[White "Pastoor,E"]
[Black "Vanhuyse,Nele"]
[Result "0-1"]
[WhiteElo "1969"]
[BlackElo "2119"]
[EventType "team-tourn"]

1.e4 c5 2.Nc3 a6 3.f4 Nc6 4.Nf3 d6 5.Bc4 e6 6.a4 Nf6 7.d3 Be7 8.O-O O-O 9.Qe1
d5 10.Ba2 d4 11.Ne2 b5 12.Ng5 Nb4 13.Bb1 h6 14.Nf3 Bb7 15.Qg3 Kh8 16.Bd2 Nc6
17.Ba2 Qb6 18.Ne5 c4 19.Kh1 Rad8 20.Qh3 Qc7 21.Ng4 Nxg4 22.Qxg4 f5 23.Qh3 Bb4
24.axb5 axb5 25.Be1 Bxe1 26.Raxe1 Nb4 27.Bb1 fxe4 28.dxe4 Bxe4 29.c3 Bxb1
30.Rxb1 Nc6 31.cxd4 Nxd4 32.Nxd4 Rxd4 33.Qxe6 Rdxf4 34.Rxf4 Qxf4 35.h3 Qf5
36.Qe1 Qc2 37.Kg1 Rd8 38.Qf1 Rd2 39.Rc1 Rxg2+ 40.Kh1 Rh2+ 41.Kg1 Rg2+ 42.Kh1
Rf2 {#R} 0-1

[Event "Dutch League 2016-17"]
[Site "Netherlands NED"]
[Date "2017.05.06"]
[Round "9.10"]
[White "Groffen,H"]
[Black "Zelbel,P"]
[Result "0-1"]
[WhiteElo "2179"]
[BlackElo "2446"]
[EventType "team-tourn"]

1.d4 Nf6 2.c4 e6 3.Nc3 Bb4 4.e3 O-O 5.Ne2 Re8 6.a3 Bf8 7.Ng3 d5 8.cxd5 exd5
9.Bd3 c5 10.O-O Nc6 11.dxc5 Bxc5 12.b4 Bd6 13.Nf5 Bxf5 14.Bxf5 Ne7 15.Bh3
Bxh2+ 16.Kxh2 Qc7+ 17.g3 Qxc3 18.Ra2 Rad8 19.Rc2 Qe5 20.Bb2 Qd6 21.Qc1 Nc6
22.Rd1 Ne4 23.Bg2 Qg6 24.b5 Na5 25.Bd4 b6 26.Bf1 h5 27.Bd3 Qg4 28.Be2 Qf5
29.f4 Nf2 30.Kg2 Nb3 31.Qb2 Nxd1 32.Bxd1 Nxd4 33.Qxd4 Rc8 34.Rd2 Qe4+ {#R} 0-1

[Event "TCh-RUS Women 2017"]
[Site "Sochi RUS"]
[Date "2017.05.05"]
[Round "5.1"]
[White "Nebolsina,V"]
[Black "Filippova,Darya"]
[Result "1-0"]
[WhiteElo "2284"]
[BlackElo "2015"]

1.e4 c6 2.Nc3 d5 3.Nf3 Bg4 4.h3 Bxf3 5.Qxf3 e6 6.Be2 Nf6 7.O-O Bd6 8.d4 dxe4
9.Nxe4 Nxe4 10.Qxe4 Qc7 11.a4 Nd7 12.a5 Nf6 13.Qf3 a6 14.Bg5 Nd5 15.c4 Nf4
16.Bd1 Ng6 17.Ra4 O-O 18.Bc2 Rae8 19.h4 f6 20.Be3 Nxh4 21.Qh3 Ng6 22.c5 Bf4
23.d5 Bxe3 24.d6 Qd7 25.Qxe3 f5 26.f4 e5 27.Qb3+ Kh8 28.Rb4 b5 29.axb6 Nxf4
30.Qf3 g5 31.Ba4 e4 32.Qc3+ Kg8 33.Rxf4 gxf4 34.Bb3+ Rf7 35.b7 Rb8 36.Qf6 e3
37.Kf1 f3 38.gxf3 f4 39.Qxf7+ Qxf7 40.d7 {#r} 1-0

[Event "TCh-RUS Women 2017"]
[Site "Sochi RUS"]
[Date "2017.05.05"]
[Round "5.2"]
[White "Makarova,Darya"]
[Black "Baraeva,M"]
[Result "0-1"]
[WhiteElo "1827"]
[BlackElo "2169"]

1.d4 d5 2.Nf3 Nf6 3.e3 c5 4.dxc5 e6 5.a3 Bxc5 6.b4 Bd6 7.Bb2 O-O 8.Nbd2 a5
9.b5 Nbd7 10.c4 Nc5 11.Be2 b6 12.O-O Bb7 13.Ne5 Qc7 14.Ndf3 Rad8 15.Qc2 dxc4
16.Qxc4 Nfe4 17.Rac1 Qe7 18.Qc2 Rc8 19.Nc4 Bc7 20.Rfd1 a4 21.Bc3 Nb3 22.Rb1
Nxc3 23.Qxc3 Bxf3 24.Bxf3 Bxh2+ 25.Kxh2 Qh4+ 26.Kg1 Rxc4 27.Qe5 Rc2 28.g3 Qc4
29.Be4 Ra2 30.Kg2 f6 31.Qf4 f5 32.Bd3 Qxf4 33.exf4 Rc8 34.Re1 Kf7 35.Re2 Rxa3
36.Rc2 Rxc2 37.Bxc2 Nc5 38.Rb4 Ra2 39.Bd1 a3 40.Rb1 Rb2 41.Ra1 a2 {#R} 0-1

[Event "TCh-RUS Women 2017"]
[Site "Sochi RUS"]
[Date "2017.05.05"]
[Round "5.3"]
[White "Kashlinskaya,A"]
[Black "Ovod,E"]
[Result "1-0"]
[WhiteElo "2427"]
[BlackElo "2380"]

1.d4 Nf6 2.c4 e6 3.Nf3 d5 4.Nc3 Be7 5.Bf4 O-O 6.e3 b6 7.Be2 dxc4 8.Bxc4 Ba6
9.Qe2 Qc8 10.O-O Bxc4 11.Qxc4 c5 12.dxc5 Qxc5 13.Qe2 Nbd7 14.Rac1 Qh5 15.Rfd1
Rfd8 16.h3 Ne8 17.Nd4 Qxe2 18.Ncxe2 Nf8 19.Nc6 Rxd1+ 20.Rxd1 Bf6 21.Bb8 Ng6
22.e4 a6 23.e5 Be7 24.Nxe7+ Nxe7 25.Rd8 Kf8 26.Nc3 f5 27.Na4 a5 28.Nxb6 Ra6
29.Nc4 Nc6 30.Bd6+ Kf7 31.Rd7+ Kg6 32.f4 h5 33.Bf8 Kh7 34.Nd6 Nxd6 35.Rxg7+
Kh8 36.exd6 Ra8 37.Rc7 Rxf8 38.Rxc6 Rd8 39.Kf2 Kg7 40.Ke3 Kf6 41.b3 h4 42.Kd4
Rg8 43.d7 Rd8 44.Rd6 Ke7 45.Ke5 Rxd7 46.Rxd7+ Kxd7 47.a3 Ke7 48.b4 a4 49.b5
{#r} 1-0

[Event "TCh-RUS Women 2017"]
[Site "Sochi RUS"]
[Date "2017.05.05"]
[Round "5.3"]
[White "Belenkaya,D"]
[Black "Pustovoitova,D"]
[Result "0-1"]
[WhiteElo "2290"]
[BlackElo "2420"]

1.e4 c5 2.Nf3 g6 3.d4 cxd4 4.Nxd4 Nf6 5.Nc3 d6 6.Be2 Bg7 7.O-O O-O 8.Nb3 Nc6
9.Bg5 Be6 10.Qd2 Na5 11.Nxa5 Qxa5 12.Bh6 Rac8 13.Bxg7 Kxg7 14.Qd4 a6 15.Rad1
Rc6 16.Rd2 Rfc8 17.Re1 Rb6 18.Nd5 Bxd5 19.exd5 Rxb2 20.Bd1 Rc4 21.Qd3 Rc5
22.Bf3 Rcxc2 23.Rdd1 Qc5 24.Rxe7 Qxf2+ 25.Kh1 Rd2 26.Qf1 Ng4 27.Rde1 Qxf1+
28.Rxf1 Ne5 29.h3 Kf8 30.Rc7 Rdc2 31.Rxc2 Rxc2 32.a4 Ra2 33.Rb1 Nxf3 34.gxf3
Rxa4 35.Rxb7 Rd4 36.Rb6 Rxd5 37.Rxa6 Rd2 38.Ra7 Rf2 39.Ra3 Ke7 40.Kg1 Rd2
41.h4 Rd4 42.h5 g5 43.h6 Rh4 44.Ra5 Rxh6 {#R} 0-1

[Event "TCh-RUS Women 2017"]
[Site "Sochi RUS"]
[Date "2017.05.05"]
[Round "5.4"]
[White "Sazonova,A"]
[Black "Ubiennykh,E"]
[Result "0-1"]
[WhiteElo "2191"]
[BlackElo "2307"]

1.d4 Nf6 2.Nf3 g6 3.g3 Bg7 4.Bg2 O-O 5.O-O c6 6.b3 Qa5 7.Bb2 Qh5 8.Nbd2 d5
9.Ne5 Bh3 10.Ndf3 Ne4 11.Nd3 g5 12.Nd2 Nd7 13.f3 Nd6 14.e4 Rfe8 15.e5 Bxg2
16.Kxg2 Nf5 17.Qe2 Nf8 18.Rh1 Ne6 19.c3 Qg6 20.Kf2 b6 21.b4 a5 22.a3 Rec8
23.Rag1 axb4 24.Nxb4 Nc7 25.h4 c5 26.h5 Qe6 27.Nc2 cxd4 28.Nxd4 Nxd4 29.cxd4
Qf5 30.Rc1 Ne6 31.Nb3 Rxc1 32.Rxc1 Qh3 33.g4 Nf4 34.Qd2 e6 35.Ke3 Bf8 36.Rg1
Kg7 37.Qc2 Ra4 38.Qd2 Bxa3 39.Bxa3 Rxa3 40.Qb2 Ra4 41.Nc1 Rc4 42.Na2 Qh4
43.Qd2 Nh3 44.Rg2 Ra4 45.Qc1 Nf4 46.Rc2 Ra3+ 47.Nc3 Rb3 48.Qg1 b5 49.Rh2 Rxc3+
50.Kd2 Ra3 {#R} 0-1

[Event "TCh-RUS Women 2017"]
[Site "Sochi RUS"]
[Date "2017.05.05"]
[Round "5.4"]
[White "Trapeznikova,D"]
[Black "Maltsevskaya,Aleksandra"]
[Result "0-1"]
[WhiteElo "2112"]
[BlackElo "2199"]

1.d4 Nf6 2.c4 g6 3.g3 Bg7 4.Bg2 O-O 5.Nc3 d6 6.Nf3 Nbd7 7.O-O e5 8.e4 exd4
9.Nxd4 Re8 10.h3 Nc5 11.Re1 Bd7 12.Bf4 h6 13.e5 Nh5 14.Be3 dxe5 15.Nb3 Ne6
16.Bxb7 Rb8 17.Bg2 Nd4 18.g4 Nf4 19.Bxf4 exf4 20.Rxe8+ Bxe8 21.Nxd4 Bxd4
22.Qc2 Qh4 23.Rd1 c5 24.Rd3 Bd7 25.Qd2 h5 26.gxh5 Bf5 27.Rf3 g5 28.Nd5 Be4
29.Rb3 Rxb3 30.axb3 f3 31.Bh1 Qg3+ 32.Kf1 Bd3+ {#R} 0-1

[Event "TCh-RUS Major League 2017"]
[Site "Sochi RUS"]
[Date "2017.05.05"]
[Round "5.1"]
[White "Kovalev,Vl"]
[Black "Zakhartsov,Vl"]
[Result "1-0"]
[WhiteElo "2629"]
[BlackElo "2442"]

1.e4 e5 2.Nf3 Nf6 3.Nc3 Nc6 4.Bb5 Bb4 5.O-O O-O 6.d3 Bxc3 7.bxc3 d6 8.Bg5 Ne7
9.Nh4 c6 10.Ba4 Ng6 11.Bb3 Nxh4 12.Bxh4 h6 13.a4 Be6 14.a5 Bxb3 15.cxb3 Qe7
16.Qc1 d5 17.f4 exf4 18.Qxf4 dxe4 19.d4 Rae8 20.a6 b6 21.Bxf6 Qxf6 22.Qxf6
gxf6 23.Rxf6 c5 24.dxc5 bxc5 25.Rxh6 Rb8 26.Rb1 f6 27.Rh5 Rfc8 28.Rh4 Re8
29.Kf2 Rbd8 30.Re1 f5 31.Rf4 Rf8 32.g4 fxg4 33.Rxe4 Rd2+ 34.Ke3 Rxf4 35.Rxf4
Rxh2 36.Rxg4+ Kf7 37.Kd3 Ra2 38.Kc4 Rxa6 39.Kxc5 Ke7 40.Rd4 Rb6 41.b4 Rb8
42.b5 Rc8+ 43.Kb4 Rh8 44.Ka5 Rh1 45.Ka6 Ra1+ 46.Kb7 Ra5 47.c4 Ra4 48.Rd2 {#r}
1-0

[Event "ch-CZE 2017"]
[Site "Ostrava CZE"]
[Date "2017.05.05"]
[Round "7.4"]
[White "Biolek,R1"]
[Black "Babula,V"]
[Result "1-0"]
[WhiteElo "2445"]
[BlackElo "2559"]

1.e4 c5 2.Nf3 e6 3.c3 d5 4.e5 d4 5.Bd3 Bd7 6.Na3 Bc6 7.O-O Ne7 8.Nc2 Ng6
9.cxd4 cxd4 10.Nfxd4 Bc5 11.Nxc6 Qxd3 12.Ne1 Qd5 13.Nxb8 Rxb8 14.d4 Qxd4
15.Nd3 Be7 16.Be3 Qd5 17.Qa4+ b5 18.Qxa7 Ra8 19.Qc7 O-O 20.Nf4 Qxe5 21.Qxe5
Nxe5 22.b3 Ng4 23.a4 Nxe3 24.fxe3 Bf6 25.Ra2 Rfc8 26.Rd1 Kf8 27.Kf2 bxa4
28.Rxa4 Rxa4 29.bxa4 Ra8 30.Rb1 Rxa4 31.Rb8+ Ke7 32.Rb7+ Kf8 33.Rb8+ Ke7
34.Rb7+ Ke8 35.Rb8+ Bd8 36.Nh5 Rg4 37.Kf3 Rg5 38.g4 f5 39.Nf4 fxg4+ 40.Ke4 Ke7
41.Rxd8 g3 42.hxg3 Rxg3 43.Ra8 Rg4 44.Ra6 g5 45.Kf3 {#r} 1-0

[Event "ch-CZE 2017"]
[Site "Ostrava CZE"]
[Date "2017.05.05"]
[Round "7.6"]
[White "Cvek,R"]
[Black "Cernousek,L"]
[Result "0-1"]
[WhiteElo "2518"]
[BlackElo "2462"]

1.d4 d5 2.Bf4 c5 3.e3 cxd4 4.exd4 Nc6 5.c3 Bf5 6.Nd2 e6 7.Qb3 Qd7 8.Ngf3 f6
9.Be2 g5 10.Bg3 h5 11.h3 Nge7 12.Nf1 Be4 13.N1d2 Bg6 14.Bh2 Nf5 15.Bd3 g4
16.Ng1 e5 17.dxe5 fxe5 18.O-O-O O-O-O 19.Ne2 Bc5 20.Rhf1 Bh7 21.Qb5 Bb6 22.Nb3
Nd6 23.Qxd5 Bg8 24.Qxd6 Qxd6 25.Bf5+ Kc7 26.Rxd6 Rxd6 27.Nd2 Rf6 28.Be4 Rxf2
29.Rxf2 Bxf2 30.Bxc6 Kxc6 31.Bxe5 gxh3 32.gxh3 Rh7 33.Nd4+ Kd5 34.N2f3 Rf7
35.Bb8 Be3+ 36.Kd1 Rf8 37.Bg3 Ke4 38.Nd2+ Kd3 39.N4f3 Bxd2 {#R} 0-1

[Event "ch-CZE 2017"]
[Site "Ostrava CZE"]
[Date "2017.05.05"]
[Round "7.7"]
[White "Blatny,P"]
[Black "Kislinsky,A"]
[Result "1-0"]
[WhiteElo "2388"]
[BlackElo "2481"]

1.b3 e5 2.Bb2 Nc6 3.e3 Nge7 4.g3 d5 5.Bg2 Be6 6.f4 exf4 7.exf4 h5 8.Nf3 h4
9.Ng5 h3 10.Bf3 Bf5 11.Bh5 Bg6 12.Bxg6 Nxg6 13.Qg4 d4 14.Kd1 Qd5 15.Re1+ Be7
16.c4 dxc3 17.Nxc3 Qd7 18.Ne6 fxe6 19.Qxg6+ Kd8 20.Qxg7 Re8 21.Ne4 Qd3 22.Qc3
Qb5 23.a3 a5 24.Nf2 Kc8 25.Qc4 Qb6 26.Nxh3 Kb8 27.Rxe6 Ra6 28.f5 Rd8 29.Bc3
Bd6 30.Kc2 Rf8 31.f6 Nd8 32.Re4 c5 33.Rae1 Qc6 34.a4 Qd7 35.Ng5 Nc6 36.f7 Qf5
37.Qe6 {#r} 1-0

[Event "ch-CZE 2017"]
[Site "Ostrava CZE"]
[Date "2017.05.05"]
[Round "7.10"]
[White "Vykouk,Jan"]
[Black "Nguyen,Thai Dai Van"]
[Result "0-1"]
[WhiteElo "2424"]
[BlackElo "2441"]

1.e4 c5 2.Nf3 g6 3.d4 cxd4 4.Nxd4 Nc6 5.Nc3 Bg7 6.Be3 Nf6 7.Bc4 O-O 8.Bb3 Re8
9.O-O d6 10.h3 Na5 11.Qe2 a6 12.Rad1 Nxb3 13.Nxb3 Qc7 14.Bd4 Be6 15.Rfe1 Rac8
16.e5 dxe5 17.Bxe5 Qb6 18.Bd4 Qc6 19.Nc5 Bf5 20.g4 e5 21.Be3 Be6 22.Nxe6 Rxe6
23.Bg5 h6 24.Bh4 e4 25.Bg3 Nh7 26.Qe3 Ng5 27.Kg2 Nf3 28.Re2 Qc4 29.Rd7 g5
30.a4 Bd4 31.Rxd4 Nxd4 32.Rd2 Nf3 33.Rd1 b5 34.axb5 axb5 35.Rd7 Qc6 36.Ra7 b4
37.Ne2 Qxc2 38.Nd4 Nxd4 39.Qxd4 e3 40.Rxf7 Kxf7 41.Qd7+ Re7 42.Qd5+ Kf8
43.Qf3+ Ke8 {#R} 0-1

[Event "ch-CZE 2017"]
[Site "Ostrava CZE"]
[Date "2017.05.05"]
[Round "7.11"]
[White "Kraus,To"]
[Black "Olsarova,K"]
[Result "1-0"]
[WhiteElo "2418"]
[BlackElo "2245"]

1.c4 Nf6 2.Nf3 c6 3.Nc3 d5 4.e3 e6 5.b3 Bd6 6.Bb2 O-O 7.Qc2 Re8 8.d4 Nbd7
9.Be2 dxc4 10.bxc4 e5 11.O-O Qa5 12.c5 exd4 13.exd4 Bb8 14.Bc4 Qc7 15.Rfe1
Rxe1+ 16.Rxe1 Nf8 17.d5 Qf4 18.Qb3 Bg4 19.d6 Bxf3 20.Bxf7+ Kh8 21.gxf3 Qxf3
22.Qxb7 Ng4 23.Ne4 Qf4 24.Bxg7+ Kxg7 25.Be6+ Kh6 26.Bxg4 Qxg4+ 27.Ng3 Ng6
28.Qxc6 Bxd6 29.Qxa8 Bxc5 30.Qc6 Bb6 31.Qe6 Qg5 32.Kf1 Qb5+ 33.Re2 Kg5 34.Ne4+
Kh4 35.Qf6+ Kg4 36.h3+ Kxh3 37.Qf3+ Kh4 38.Kg2 {#r} 1-0

[Event "ch-CZE 2017"]
[Site "Ostrava CZE"]
[Date "2017.05.05"]
[Round "7.12"]
[White "Rasik,V"]
[Black "Sobek,J"]
[Result "1-0"]
[WhiteElo "2467"]
[BlackElo "2202"]

1.e4 c5 2.Ne2 Nc6 3.d4 cxd4 4.Nxd4 Nf6 5.Nc3 d6 6.Bg5 e6 7.Qd2 Be7 8.O-O-O a6
9.f3 Qb6 10.Be3 Qc7 11.g4 Nd7 12.g5 Nxd4 13.Qxd4 O-O 14.h4 b5 15.h5 Bb7 16.Bh3
Rfe8 17.g6 Ne5 18.gxf7+ Kxf7 19.h6 Bf6 20.hxg7 Nc4 21.e5 dxe5 22.Qg4 Bxg7
23.Qh5+ Kf8 24.Bh6 Rad8 25.Rdg1 Rd7 26.Bxe6 {#r} 1-0

[Event "ch-CZE 2017"]
[Site "Ostrava CZE"]
[Date "2017.05.05"]
[Round "7.13"]
[White "Voloshin,L"]
[Black "Worek,J"]
[Result "1-0"]
[WhiteElo "2406"]
[BlackElo "2330"]

1.d4 Nf6 2.c4 e6 3.Nf3 Bb4+ 4.Bd2 c5 5.Bxb4 cxb4 6.g3 O-O 7.Bg2 d6 8.O-O Nc6
9.a3 bxa3 10.Rxa3 e5 11.Nc3 Bg4 12.d5 Nb4 13.Ne1 a5 14.Nc2 Rc8 15.b3 Nd7
16.Ne3 Bh5 17.Nb5 Nf6 18.Nf5 Ne8 19.Qd2 Bg4 20.Rxa5 Qxa5 21.Ne7+ Kh8 22.Nxc8
Bxc8 23.Qc3 Nc7 24.Nxc7 Bd7 25.Nb5 Bxb5 26.Ra1 Qc7 27.Qxb4 Ba6 28.e4 g6 29.Qa5
Qxa5 30.Rxa5 Rc8 31.f4 f6 32.Bh3 Rd8 33.Kf2 Kg7 34.Ke3 Kf7 35.Kd3 Ra8 36.Kc3
b6 37.Ra4 exf4 38.gxf4 g5 39.Bd7 Bb7 40.Rxa8 Bxa8 41.fxg5 fxg5 42.Kd4 Bb7
43.e5 Ke7 44.Bf5 h5 45.b4 g4 46.c5 bxc5+ 47.bxc5 dxc5+ 48.Kxc5 Ba8 49.d6+ Ke8
50.e6 {#r} 1-0

[Event "ch-CZE 2017"]
[Site "Ostrava CZE"]
[Date "2017.05.05"]
[Round "7.15"]
[White "Dolezal,Ra1"]
[Black "Kovar,V"]
[Result "1-0"]
[WhiteElo "2399"]
[BlackElo "2326"]

1.d4 Nf6 2.Bg5 e6 3.e3 h6 4.Bh4 c5 5.Nd2 Nc6 6.c3 b6 7.f4 Be7 8.Bxf6 Bxf6
9.Ngf3 O-O 10.Bd3 d6 11.O-O Qc7 12.Ne4 Be7 13.Ng3 f5 14.d5 exd5 15.Bxf5 d4
16.Be4 Kh8 17.cxd4 Ba6 18.Rf2 Bf6 19.Qd2 Rad8 20.Rd1 Bb7 21.Bb1 Qf7 22.Qd3 Qg8
23.a3 cxd4 24.exd4 Ne7 25.Nh5 Bd5 26.Nxf6 Rxf6 27.Re1 Ng6 28.g3 Bc4 29.Qc2 Rc8
30.Qa4 Qf7 31.Nd2 Bd5 32.Ne4 Re8 33.Ree2 Nxf4 34.gxf4 Qg6+ 35.Rg2 Rxe4 36.Bxe4
{#r} 1-0

[Event "ch-CZE 2017"]
[Site "Ostrava CZE"]
[Date "2017.05.05"]
[Round "7.18"]
[White "Caletka,R"]
[Black "Kozusek,Daniel"]
[Result "1-0"]
[WhiteElo "2349"]
[BlackElo "2264"]

1.c4 e5 2.Nc3 Nf6 3.Nf3 Nc6 4.e3 Bb4 5.Qc2 Bxc3 6.bxc3 O-O 7.e4 d6 8.g3 Nd7
9.Nh4 Nc5 10.Bg2 a6 11.O-O b5 12.cxb5 axb5 13.d3 b4 14.Be3 Ra3 15.cxb4 Nxb4
16.Qb2 Ra4 17.Rfd1 Nbxd3 18.Rxd3 Nxd3 19.Qb3 Nc5 20.Bxc5 Qe8 21.Be3 Be6 22.Qc2
Qd7 23.a3 Rfa8 24.Qb2 c5 25.Nf3 Qa7 26.Bc1 Rxe4 27.h4 Ra4 28.Ng5 Rb8 29.Qc2 g6
30.Nxe6 fxe6 31.h5 gxh5 32.Bh3 Re8 33.Rb1 Qd7 34.Bh6 Rxa3 35.Qd2 Qe7 36.Rb6 h4
37.Bg5 Qa7 38.Qxd6 Ra1+ 39.Kg2 Qa8+ 40.Rc6 {#r} 1-0

[Event "ch-CZE 2017"]
[Site "Ostrava CZE"]
[Date "2017.05.05"]
[Round "7.27"]
[White "Didi,J"]
[Black "Vybiral,Z"]
[Result "0-1"]
[WhiteElo "2050"]
[BlackElo "2271"]

1.e4 c5 2.Nf3 Nc6 3.d4 cxd4 4.Nxd4 e5 5.Nf3 Nf6 6.Nc3 Bb4 7.Bc4 O-O 8.O-O h6
9.Nd5 Bc5 10.c3 a6 11.Qd3 d6 12.h3 Nxd5 13.Bxd5 Ne7 14.Bb3 Ng6 15.Be3 Qf6
16.Rad1 Nf4 17.Bxf4 Qxf4 18.Kh1 Kh8 19.g3 Qf6 20.Kg2 Qe7 21.Bd5 a5 22.b3 g6
23.Nh4 Kg7 24.f4 exf4 25.Rxf4 Be6 26.Rdf1 Rae8 27.b4 Bxd5 28.Qxd5 axb4 29.cxb4
Be3 30.Rg4 Kh7 31.Qd3 h5 32.Nf5 gxf5 33.Rxf5 hxg4 34.e5 gxh3+ 35.Kh2 Kg7
36.Qxe3 Rh8 37.Rg5+ Kf8 38.Qf4 dxe5 39.Rg8+ Kxg8 {#R} 0-1

[Event "ch-CZE 2017"]
[Site "Ostrava CZE"]
[Date "2017.05.05"]
[Round "7.29"]
[White "Kanakova,Natalie"]
[Black "Malinovsky,P"]
[Result "1-0"]
[WhiteElo "2112"]
[BlackElo "2024"]

1.e4 c5 2.Nf3 e6 3.d4 cxd4 4.Nxd4 Nf6 5.Nc3 Nc6 6.Nxc6 bxc6 7.e5 Nd5 8.Ne4 Qc7
9.f4 Be7 10.c4 Nb6 11.Bd3 Bb7 12.O-O c5 13.Qg4 g6 14.b3 h5 15.Qe2 h4 16.h3
O-O-O 17.Bb2 Rdg8 18.Nd6+ Bxd6 19.exd6 Qxd6 20.Bxh8 Rxh8 21.Qe5 Qf8 22.a4 d6
23.Qe3 d5 24.cxd5 Nxd5 25.Qe5 Rh5 26.Qe2 Qd6 27.Qf2 Nc3 28.Bc4 Rf5 29.Qxh4 Rh5
30.Qg3 Ne4 31.Qd3 Qc6 32.Bb5 Qc7 33.Ba6 Nd6 34.Bxb7+ Kxb7 35.Qf3+ Kb8 36.Rfd1
Rf5 37.Rd2 g5 38.Rad1 Rxf4 39.Qh5 Rd4 40.Rxd4 cxd4 41.Qh8+ Nc8 42.Qxd4 {#r}
1-0

[Event "Ostravsky Konik Open A"]
[Site "Ostrava CZE"]
[Date "2017.05.05"]
[Round "7.3"]
[White "Kula,Dominik"]
[Black "Dhanush,Bharadwaj"]
[Result "1-0"]
[WhiteElo "2100"]
[BlackElo "2191"]

1.e4 c6 2.d4 d5 3.Nd2 dxe4 4.Nxe4 Bf5 5.Ng3 Bg6 6.Nh3 Nf6 7.Nf4 e5 8.Nxg6 hxg6
9.Be3 Nbd7 10.Bc4 Qa5+ 11.c3 Nb6 12.Bb3 Nfd5 13.Qf3 Bd6 14.Ne4 Be7 15.dxe5 O-O
16.O-O Rae8 17.Nd6 Bxd6 18.exd6 Nxe3 19.fxe3 Nd5 20.Bxd5 cxd5 21.Rad1 Re5
22.c4 dxc4 23.d7 Re7 24.Qxb7 Rd8 25.Rf4 Qc5 26.Rfd4 Rxe3 27.Qd5 Qe7 28.h3 Re1+
29.Rxe1 Qxe1+ 30.Kh2 Qe7 31.Rd1 Qe2 32.Qa5 Qe7 33.Qxa7 Qe5+ 34.Kh1 Qe2 35.Qd4
g5 36.a4 Qc2 37.a5 Qa4 38.Qd5 g6 39.Rd2 Qa1+ 40.Kh2 Qa4 41.Qe5 Qc6 42.a6 Kh7
43.a7 Kg8 44.Qb8 {#r} 1-0

[Event "ch-CRO 2017"]
[Site "Valpovo CRO"]
[Date "2017.05.05"]
[Round "11.6"]
[White "Palac,M"]
[Black "Jovanic,O"]
[Result "0-1"]
[WhiteElo "2573"]
[BlackElo "2492"]

1.e4 e5 2.Nf3 Nf6 3.Nxe5 d6 4.Nf3 Nxe4 5.d4 d5 6.Bd3 Nc6 7.O-O Be7 8.Nbd2 Bf5
9.Re1 Nxd2 10.Qxd2 Bxd3 11.Qxd3 O-O 12.c3 h6 13.g3 Qd7 14.Bf4 Bf6 15.h4 Rfe8
16.Rad1 a6 17.Nh2 Rxe1+ 18.Rxe1 Rf8 19.Qf3 Bd8 20.Ng4 f6 21.h5 Ne7 22.Ne3 c6
23.Ng2 Re8 24.Nh4 Kf7 25.Qd3 Qg4 26.f3 Qxh5 27.Qe3 g5 28.Qe6+ Kg7 29.Nf5+ Nxf5
30.Qxe8 Qxe8 31.Rxe8 gxf4 32.g4 Nh4 33.Rxd8 Nxf3+ 34.Kg2 Ne1+ 35.Kf1 Nd3
36.Rd7+ Kg6 37.Rxb7 f3 38.b4 Kg5 39.Rg7+ Kf4 40.Rg6 Kg3 41.Rxf6 Nf2 42.Rxh6
Ne4 43.Rh1 Nd2+ 44.Ke1 Kg2 45.g5 f2+ 46.Ke2 Ne4 47.Rc1 Nxg5 48.c4 dxc4 49.a4
Ne6 50.Ke3 Nc7 {#R} 0-1

[Event "ch-LAT 2017"]
[Site "Riga LAT"]
[Date "2017.05.05"]
[Round "8.1"]
[White "Bernotas,A"]
[Black "Meijers,V"]
[Result "1-0"]
[WhiteElo "2393"]
[BlackElo "2490"]

1.e4 c5 2.Nf3 b6 3.Bc4 e6 4.O-O a6 5.c3 b5 6.Bb3 Bb7 7.Re1 c4 8.Bc2 d5 9.d4
cxd3 10.Qxd3 dxe4 11.Qxd8+ Kxd8 12.Ng5 Ke8 13.Nxe4 Nf6 14.Nxf6+ gxf6 15.Nd2
Nc6 16.Be4 Rc8 17.Nb3 Bd6 18.Be3 Nd8 19.Bd3 Bd5 20.Nd4 Nc6 21.a4 Rg8 22.g3 Ne5
23.Be2 b4 24.Bxa6 Ra8 25.Bb5+ Kf8 26.c4 Bxc4 27.Bh6+ Ke7 28.Nf5+ exf5 29.Bxc4
Rgc8 30.Bd5 Ra5 31.Bg2 Kd7 32.b3 Rc3 33.Rab1 Ng4 34.Be3 Nxe3 35.Rxe3 Rxe3
36.fxe3 Kc7 37.Rc1+ Rc5 38.Rxc5+ Bxc5 39.Kf2 Kd6 40.Ke2 Ke5 41.a5 h6 42.Kd3
Ba7 43.Kc4 Bxe3 44.Kxb4 Kd6 45.Kb5 Kc7 46.b4 Bd2 47.Bh3 f4 48.gxf4 Bxf4 49.Ka6
{#r} 1-0